000 00460nam a2200181Ia 4500
005 20250423100545.0
008 250422s9999 xx 000 0 und d
020 _a9788121906647
050 _aJC 251 .S63/
100 _aAgarwal, R.C.
245 0 _aPolitical theory
260 _aNew Delhi
260 _bS. Chand & company pvt. Ltd.
260 _c2014
300 _a558 p
650 _aDewey, John, 1859-1952--Political and social views.
942 _cBK
999 _c33666
_d33666